| 000 | 00775nam a2200253 a 4500 | ||
|---|---|---|---|
| 001 | 000012302 | ||
| 003 | DO-SdBNP | ||
| 005 | 20240530073926.0 | ||
| 007 | ta | ||
| 008 | 091111s2021 dr 000 f spa d | ||
| 020 | _a9789945914597 | ||
| 040 |
_aDO-SdBNP _bspa _cBNPHU |
||
| 082 |
_aRD863.44 _bD218i _222 |
||
| 100 | 1 |
_aDarío Durán, Rafael, _d1958- _928963 |
|
| 245 | 1 | 3 |
_aEl intrigante diario de poquita fe / _cRafael Darío Durán. |
| 260 |
_aSanto Domingo : _bGente, _c2021. |
||
| 300 |
_a306 p. ; _c24 cm. |
||
| 500 | _aIncluye datos biográficos del autor en las solapas | ||
| 590 | _aInventariado, 2022 / DG | ||
| 650 | 0 |
_aNovela dominicana _9223 |
|
| 650 | 0 |
_aLiteratura dominicana. _967 |
|
| 910 | _aDG/Validado. Control de calidad MFF | ||
| 942 |
_2ddc _cLBS1 |
||
| 999 |
_c51669 _d51669 |
||